| 000 | 00739nam a22002177a 4500 | ||
|---|---|---|---|
| 003 | OSt | ||
| 005 | 20220908210655.0 | ||
| 008 | 220908b |||||||| |||| 00| 0 eng d | ||
| 020 | _a978-60-7965-196-1 | ||
| 040 | _cBiblioteca Lado V | ||
| 082 |
_a303.483 _bV317e |
||
| 100 | _aVarnelis, Kazys | ||
| 245 | _aEl significado de la cultura en red/ | ||
| 260 |
_aMassachysetts _bTaller de Ediciones Economicas _c2016 |
||
| 300 |
_a27p. _c10x16.5cm |
||
| 650 |
_2Tesauro de Arte & Arquitectura _aCULTURA |
||
| 650 |
_2Tesauro de Arte & Arquitectura _aCAMBIO SOCIAL |
||
| 650 |
_2Tesauro de Arte & Arquitectura _aINTERNET |
||
| 650 |
_2Tesauro de Arte & Arquitectura _aTECNOLOGIA |
||
| 942 |
_2ddc _c1 _h303.483 _iV317e _n0 |
||
| 999 |
_c1967 _d1967 |
||